[Event "Werner-Ott-Open Kreuzberger Sommer 2018"]
[Site "Berlin"]
[Date "2018.07.06"]
[Round "7.1"]
[White "Stern, Rene"]
[Black "Von Herman, Ulf"]
[Result "1-0"]
[WhiteElo "2510"]
[BlackElo "2354"]
[Annotator "Lange,A1&BB_R_640941"]
[PlyCount "45"]
[EventDate "2018.06.30"]
[EventType "swiss"]
[EventRounds "9"]
[EventCountry "GER"]
[SourceTitle "WOOKS_2018_R7"]
[Source "Andreas Lange"]
[SourceDate "2018.07.06"]
[SourceVersion "1"]
[SourceVersionDate "2018.07.06"]
[SourceQuality "1"]
[WhiteTeam "SK Koenig Tegel 1949"]
[BlackTeam "SK Koenig Tegel 1949"]
[WhiteTeamCountry "GER"]
[BlackTeamCountry "GER"]

{D55: Damengambit (Hauptvariante, Abweichungen - Alte Lasker-Variante, etc.)} 
1. Nf3 Nf6 2. c4 e6 3. Nc3 d5 4. d4 Be7 5. Bg5 h6 6. Bxf6 Bxf6 7. e3 O-O 8. Qd2
a6 (8... c5 9. h4 cxd4 10. exd4 dxc4 11. O-O-O Nc6 12. g4 e5 13. g5 exd4 14.
Qf4 Qa5 15. gxf6 dxc3 16. Rg1 cxb2+ 17. Kb1 Qf5+ 18. Bd3 Qxf4 19. Rxg7+ Kh8 20.
Rh7+ Kg8 21. Rg7+ {½-½ (21) Czerwonski,A (2374)-Heuer,T (2215), Oberliga
Nord Ost 2002/03, 2003}) (8... b6 9. O-O-O Bb7 10. cxd5 exd5 11. h4 {1-0 (29)
Sanikidze,T (2580)-Mons,L (2339), Berlin, 1. Bundesliga 2012/13, 2013}) (8...
dxc4 9. Bxc4 b6 10. O-O Bb7 11. e4 c5 12. d5 {0-1 (78) Riazantsev,A (2646)
-Bogdanovich,S (2590) Berlin Meierei Bolle Blitz WM 2015}) (8... Nc6 9. Rc1
dxc4 10. Bxc4 e5 11. d5 Ne7 12. O-O Nf5 13. Ne4 Nd6 14. Nxf6+ Qxf6 15. Be2 e4
16. Nd4 Qg5 17. Rfd1 Bh3 18. Bf1 Bg4 19. Ne2 Rac8 20. Qa5 Qe7 21. Rd2 a6 22.
Rdc2 Ne8 23. Ng3 h5 24. h3 h4 25. Ne2 Bd7 26. Qd2 Qd6 27. Rc4 Nf6 28. Nc3 Rfe8
29. Rd4 Qe5 30. Rd1 c5 31. dxc6 Bxc6 32. Rd6 Nh7 33. Qd4 Qxd4 34. R6xd4 Nf6 35.
Bc4 Kf8 36. Bb3 Ke7 37. Kf1 g5 38. Ke1 Kf8 39. Ba4 b5 40. Bb3 Re5 41. Rd8+ Re8
42. R8d6 Ke7 43. R6d4 a5 44. a4 b4 45. Nb5 Bxb5 46. axb5 Rb8 47. Ra1 Ra8 48.
Rc4 Ra7 49. Rxb4 {1-0 (49) Stern,R (2495)-Boettcher,P (2181), Berlin,
Kreuzberg Open 2010}) 9. cxd5 $146 (9. Rc1 g6 10. Be2 Bg7 11. O-O {Zierke,O 
(2332)-Godoj,V (2151), Berlin, BEM 2000 Klasse M, 1-0 (44)}) 9... exd5 10. Bd3
Nc6 11. O-O-O Na5 12. Ne5 c5 13. f4 cxd4 14. exd4 b5 15. g4 Nc4 16. Qe2 Bb7 17.
g5 Bxe5 18. fxe5 Qxg5+ 19. Kb1 Qh4 20. Rhg1 f5 21. exf6 Qxf6 22. Rg6 Rfe8 23.
Qh5 1-0

[Event "Werner-Ott-Open Kreuzberger Sommer 2018"]
[Site "Berlin"]
[Date "2018.07.06"]
[Round "7.2"]
[White "Malek, Daniel"]
[Black "Wierzbicki, Jirawat"]
[Result "1-0"]
[WhiteElo "2383"]
[BlackElo "2161"]
[Annotator "Lange,A1&BB_R_640941"]
[PlyCount "67"]
[EventDate "2018.06.30"]
[EventType "swiss"]
[EventRounds "9"]
[EventCountry "GER"]
[SourceTitle "WOOKS_2018_R7"]
[Source "Andreas Lange"]
[SourceDate "2018.07.06"]
[SourceVersion "1"]
[SourceVersionDate "2018.07.06"]
[SourceQuality "1"]
[WhiteTeam "SK Zehlendorf"]
[BlackTeam "SK Koenig Tegel 1949"]
[WhiteTeamCountry "GER"]
[BlackTeamCountry "GER"]

{A09: Reti-Eröffnung} 1. Nf3 d5 2. c4 dxc4 3. e3 Be6 4. Ng5 (4. Nc3 f6 5. b3 {
0-1 (36) Figura,A (2382)-Antal,G (2538), Schwerin, 2. Bundesliga Nord 2015/16,
2015}) (4. Na3 c5 5. Nxc4 Nc6 6. b3 Bd5 7. Bb2 f6 8. d4 cxd4 9. Nxd4 e5 10. Nb5
{1-0 (32) Espig,L (2455)-Sher,M (2535), Berliner Sommer 1993}) 4... Bd5 5. e4
Bc6 6. Bxc4 e6 7. d3 Be7 8. Qg4 (8. Nf3 Nf6 9. Nc3 O-O 10. O-O a6 11. a4 b6 12.
Qe2 Nbd7 13. Rd1 e5 14. Be3 {0-1 (50) Agrest,E (2596)-Rabiega,R (2503), Berlin,
Meierei Bolle, Blitz WM 2015}) 8... Nf6 9. Qh3 Qd7 10. Nc3 b5 11. Bb3 Na6 12.
Be3 Nc5 13. Bxc5 $146 Bxc5 14. O-O h6 15. Rac1 Bb6 16. Rfd1 Qe7 17. d4 O-O 18.
Nf3 Nxe4 19. Ne5 Ng5 20. Qd3 Be8 21. h4 Nh7 22. Bc2 f5 23. Bb3 c6 24. Ne2 Qd6
25. Nf4 Rf6 26. Qe3 Nf8 27. h5 Rd8 28. Nf3 Bc7 29. g3 Bb6 30. Kg2 Qe7 31. Qe2
Qd6 32. d5 cxd5 33. Nxd5 exd5 34. Rxd5 1-0

[Event "Werner-Ott-Open Kreuzberger Sommer 2018"]
[Site "Berlin"]
[Date "2018.07.06"]
[Round "7.3"]
[White "Radovanovic, Jovica"]
[Black "Kohler, Thomas"]
[Result "1-0"]
[WhiteElo "2311"]
[BlackElo "2147"]
[Annotator "Lange,A1&BB_R_640941"]
[PlyCount "63"]
[EventDate "2018.06.30"]
[EventType "swiss"]
[EventRounds "9"]
[EventCountry "GER"]
[SourceTitle "WOOKS_2018_R7"]
[Source "Andreas Lange"]
[SourceDate "2018.07.06"]
[SourceVersion "1"]
[SourceVersionDate "2018.07.06"]
[SourceQuality "1"]
[WhiteTeam "vereinslos"]
[BlackTeam "SC Zitadelle Spandau 1977"]
[BlackTeamCountry "GER"]

{E62: Königsindisch (6...Sc6)} 1. d4 Nf6 2. c4 g6 3. Nf3 Bg7 4. Nc3 O-O 5. g3
d6 6. Bg2 Nc6 7. O-O Bf5 8. b3 Ne4 9. Bb2 Nxc3 10. Bxc3 Be4 11. Rc1 d5 12. e3
Qd7 13. Qe2 a5 14. Rfd1 a4 $146 (14... Rfd8 15. Bf1 Bf5 16. cxd5 Qxd5 17. Nh4
Bd7 18. e4 Qh5 19. Qxh5 gxh5 20. d5 Nb4 21. Bxg7 Kxg7 22. a3 Na6 23. Bxa6 bxa6
24. Rxc7 Rab8 25. Rd3 Bh3 26. Rdc3 a4 27. b4 a5 28. bxa5 e6 29. Ng2 {Lagunow,A
(2450)-Hracek,Z (2510), 2. Bundesliga Nord 1992/93, 1993 1-0 (48)}) 15. Bf1
axb3 16. axb3 Ra3 17. Nd2 Ra2 18. Ra1 Rc2 19. Rdc1 e5 20. Rxc2 Bxc2 21. cxd5
Qxd5 22. e4 Qd7 23. d5 Nd4 24. Qc4 b5 25. Qc5 Nxb3 26. Nxb3 Bxb3 27. Bxb5 Qd6
28. Qe3 Rb8 29. Ra6 Qe7 30. Bf1 Bf8 31. Qa7 Qe8 32. Qxc7 1-0

[Event "Werner-Ott-Open Kreuzberger Sommer 2018"]
[Site "Berlin"]
[Date "2018.07.06"]
[Round "7.4"]
[White "Kather, Yannick"]
[Black "Ahmadinia, Ebrahim"]
[Result "0-1"]
[WhiteElo "2053"]
[BlackElo "2415"]
[Annotator "Lange,A1&BB_R_640941"]
[PlyCount "156"]
[EventDate "2018.06.30"]
[EventType "swiss"]
[EventRounds "9"]
[EventCountry "GER"]
[SourceTitle "WOOKS_2018_R7"]
[Source "Andreas Lange"]
[SourceDate "2018.07.06"]
[SourceVersion "1"]
[SourceVersionDate "2018.07.06"]
[SourceQuality "1"]
[WhiteTeam "SC Weisse Dame"]
[BlackTeam "SF Berlin 1903"]
[WhiteTeamCountry "GER"]
[BlackTeamCountry "GER"]

{B08: Pirc-Ufimzew-Verteidigung} 1. e4 g6 2. d4 Bg7 3. Nc3 c6 4. Nf3 d6 5. a4
Nf6 6. Be2 O-O 7. O-O a5 8. h3 Nbd7 9. Bg5 $146 (9. Re1 e5 10. Bf1 exd4 11.
Nxd4 Re8 12. Nb3 Nb6 13. Be3 Be6 14. Bxb6 Qxb6 15. Qxd6 Bxb3 16. cxb3 Rad8 17.
Qf4 Qxb3 18. Qc1 Rd4 19. Ra3 Qb6 20. Qc2 Qc5 21. Bd3 Nh5 22. Nd1 Qxc2 23. Bxc2
Rd2 {Feikes,J (2022)-Muse,M (2380), Berlin, Lichtenrader Herbst 2015, 0-1 (33)}
) 9... e5 10. Qd2 Re8 11. d5 Nc5 12. Qe3 Qc7 13. Bc4 Nh5 14. Nd2 Qb6 15. Rab1
Qb4 16. b3 Nd7 17. Ne2 Nhf6 18. f4 cxd5 19. fxe5 Rxe5 20. c3 Qc5 21. Qxc5 dxc5
22. Bxf6 Nxf6 23. exd5 Bf5 24. Rbd1 Nxd5 25. Nf3 Ne3 26. Nxe5 Bxe5 27. Rxf5 {
(=)} gxf5 28. Rd7 Nxc4 29. bxc4 b6 30. Rb7 Rd8 31. Rxb6 Rd2 32. Kf2 Bxc3 33.
Ke3 Bb4 34. Nf4 Rd4 35. Nh5 h6 36. Nf6+ Kf8 37. Rb8+ Kg7 38. Ne8+ Kh7 39. Nf6+
Kg7 40. Ne8+ Kg6 41. Rb6+ Kg5 42. Nd6 f4+ 43. Kf3 Rd3+ 44. Ke4 Re3+ 45. Kd5
Rd3+ 46. Ke4 Re3+ 47. Kd5 h5 48. Ne4+ Kh4 49. Rf6 Rd3+ 50. Kc6 Bd2 51. Rxf7 Be3
52. Nd6 Kg3 53. Rg7+ Kh2 54. Nf5 Bf2 55. Rg5 Rb3 56. Ng7 h4 57. Rg4 Bg3 58. Nh5
f3 59. gxf3 Kxh3 60. Kxc5 Bf2+ 61. Kd5 Rxf3 62. Rg5 Kh2 63. c5 Rc3 64. Kc6 Be3
65. Rf5 h3 66. Nf6 Kg3 67. Ne4+ Kg4 68. Rf7 h2 69. Rh7 Rc2 70. Kb7 Kf3 71. c6
Bf4 72. Ng5+ Kg2 73. Ne6 Bg3 74. c7 Rb2+ 75. Ka6 Rc2 76. Kb7 Bxc7 77. Nxc7 Rc4
78. Rg7+ Kh3 0-1

[Event "Werner-Ott-Open Kreuzberger Sommer 2018"]
[Site "Berlin"]
[Date "2018.07.06"]
[Round "7.5"]
[White "Weber, Erwin"]
[Black "Hacker, Jonas"]
[Result "0-1"]
[WhiteElo "1982"]
[BlackElo "2291"]
[Annotator "Lange,A1&BB_R_640941"]
[PlyCount "104"]
[EventDate "2018.06.30"]
[EventType "swiss"]
[EventRounds "9"]
[EventCountry "GER"]
[SourceTitle "WOOKS_2018_R7"]
[Source "Andreas Lange"]
[SourceDate "2018.07.06"]
[SourceVersion "1"]
[SourceVersionDate "2018.07.06"]
[SourceQuality "1"]
[WhiteTeam "SC Weisse Dame"]
[BlackTeam "SC Eppingen"]
[WhiteTeamCountry "GER"]
[BlackTeamCountry "GER"]

{A06: Zukertort-Eröffnung} 1. Nf3 d5 2. b3 Bg4 3. Ne5 Bf5 $146 (3... Bh5 4. g4
(4. Bb2 Nd7 5. d4 e6 6. Nd2 Nxe5 7. dxe5 Bc5 8. g3 c6 9. Nf3 Qb6 10. Nd4 Ne7
11. Qd2 Bxd4 12. Bxd4 c5 13. Bb2 Nc6 14. Bg2 d4 15. O-O Nxe5 16. Qg5 Bxe2 17.
Qxe5 Bxf1 18. Rxf1 O-O {Petkov,P (1794)-Hohn,A (1881), Berlin, OBSenEM2013,
1-0 (36)}) 4... f6 5. Bb2 fxe5 6. gxh5 Nc6 7. e3 Nf6 8. c4 e6 9. cxd5 exd5 10.
Bb5 Bd6 11. Qc2 Qd7 12. Nc3 a6 13. Be2 Nb4 14. Qb1 d4 15. Ne4 dxe3 16. dxe3 Qc6
17. Nxd6+ cxd6 18. O-O {Wolf,M (1862)-Fiedler,W (1746), Berlin, BSenEM2014,
0-1 (42)}) 4. e3 f6 5. Nf3 e5 6. c4 d4 7. exd4 exd4 8. Nh4 Qe7+ 9. Qe2 Bg4 10.
f3 Bd7 11. g3 Nc6 12. a3 Ne5 13. Kf2 d3 14. Qe3 Nh6 15. h3 g5 16. Ng2 Bxh3 17.
Kg1 Nf5 18. Qf2 Qc5 19. Ne3 Bxf1 20. Kxf1 Nxe3+ 21. dxe3 Qc6 22. Nd2 O-O-O 23.
Bb2 Ng4 24. Qg1 Bc5 25. Bd4 Ne5 26. Bxe5 fxe5 27. b4 Be7 28. e4 Kb8 29. g4 Rd4
30. Kg2 Bf8 31. Qd1 Rd8 32. Rh5 h6 33. Qb3 Rh7 34. Rc1 Qf6 35. Qd1 Rhd7 36. c5
c6 37. a4 b6 38. cxb6 Bxb4 39. bxa7+ Kxa7 40. Rc4 Rd4 41. Rxd4 Rxd4 42. Nb3 Rd7
43. Qg1+ c5 44. Nxc5 Qb6 45. Nxd3 Qxg1+ 46. Kxg1 Rxd3 47. Rxh6 Bd2 48. Kf1 Bf4
49. Rh3 Ka6 50. Ke2 Rd2+ 51. Ke1 Rh2 52. Rh5 Ka5 0-1

[Event "Werner-Ott-Open Kreuzberger Sommer 2018"]
[Site "Berlin"]
[Date "2018.07.06"]
[Round "7.6"]
[White "Federau, Juergen"]
[Black "Krefenstein, Sergej"]
[Result "1/2-1/2"]
[WhiteElo "2127"]
[BlackElo "2119"]
[Annotator "Lange,A1&BB_R_640941"]
[PlyCount "83"]
[EventDate "2018.06.30"]
[EventType "swiss"]
[EventRounds "9"]
[EventCountry "GER"]
[SourceTitle "WOOKS_2018_R7"]
[Source "Andreas Lange"]
[SourceDate "2018.07.06"]
[SourceVersion "1"]
[SourceVersionDate "2018.07.06"]
[SourceQuality "1"]
[WhiteTeam "SC Kreuzberg"]
[BlackTeam "TuS Makkabi Berlin"]
[WhiteTeamCountry "GER"]
[BlackTeamCountry "GER"]

{E60: Königsindisch (ohne Sc3)} 1. d4 Nf6 2. c4 g6 3. g3 Bg7 4. Bg2 O-O 5. e4
d6 6. Ne2 c5 7. O-O $146 (7. d5 b5 8. cxb5 a6 9. bxa6 Bxa6 10. O-O Nbd7 11.
Nbc3 Nb6 12. Re1 Ng4 13. Nf4 Ne5 14. Bf1 Bxf1 15. Rxf1 Qd7 16. Nd3 Nxd3 17.
Qxd3 Na4 18. Nd1 Rfc8 19. Rb1 c4 20. Qe2 Rab8 21. Qc2 Qb5 {Kolarov,A-Fuchs,R,
Halle, Länderkampf DDR-BUL 1954 ½-½ (82)}) 7... Nc6 8. d5 Na5 9. Nd2 a6 10.
Rb1 Nd7 11. b3 b5 12. Bb2 Bxb2 13. Rxb2 Rb8 14. Qc2 bxc4 15. bxc4 Rxb2 16. Qxb2
Nb6 17. Qc3 Na4 18. Qc2 Bd7 19. Nf4 Qc7 20. Nd3 Nb6 21. f4 f6 22. f5 g5 23. h4
h6 24. Qc3 Na4 25. Qc2 Kg7 26. Bf3 Be8 27. Kf2 Nb7 28. Rh1 Qa5 29. Nb1 Rh8 30.
Ke3 Nb6 31. Nd2 Qa4 32. Qxa4 Nxa4 33. Rb1 Na5 34. Nf2 Bd7 35. Kd3 Rc8 36. Bd1
Rc7 37. Bxa4 Bxa4 38. Rb6 Ra7 39. Kc3 Nb7 40. Nb3 Be8 41. Nd2 Ba4 42. Nb3
1/2-1/2

[Event "Werner-Ott-Open Kreuzberger Sommer 2018"]
[Site "Berlin"]
[Date "2018.07.06"]
[Round "7.7"]
[White "Foerster, Jonas"]
[Black "Gelman, Josef"]
[Result "1-0"]
[WhiteElo "2284"]
[BlackElo "1989"]
[Annotator "Lange,A1&BB_R_640941"]
[PlyCount "19"]
[EventDate "2018.06.30"]
[EventType "swiss"]
[EventRounds "9"]
[EventCountry "GER"]
[SourceTitle "WOOKS_2018_R7"]
[Source "Andreas Lange"]
[SourceDate "2018.07.06"]
[SourceVersion "1"]
[SourceVersionDate "2018.07.06"]
[SourceQuality "1"]
[WhiteTeam "SV Empor Berlin"]
[BlackTeam "SC Weisse Dame"]
[WhiteTeamCountry "GER"]
[BlackTeamCountry "GER"]

{A34: Englische Eröffnung (Symmetrische Variante)} 1. Nf3 Nf6 2. c4 c5 3. Nc3
Nc6 4. g3 d5 5. cxd5 Nxd5 6. Bg2 Bg4 $146 (6... Nf6 7. O-O e5 8. e4 Be6 9. Qa4
Qd7 10. Ng5 Bg4 11. f4 h6 12. Nf3 exf4 13. gxf4 Be7 14. e5 Nh5 15. Ne1 Rc8 16.
Qe4 Bf5 {Focke,W (1510)-Lochmann,R (1521), Berlin, BSG 1827 Eckbauer, Eckbauer
Open 2002, 0-1 (31)}) (6... e5 7. Nxe5 Nxc3 (7... Ndb4 8. Nxc6 Nxc6 9. O-O Bd7
10. Qb3 b6 11. Bd5 Qe7 12. Nb5 Rc8 13. Qe3 Qxe3 14. fxe3 f6 {Schmarr,D (1703)
-Shapiro,Y (2015), Berlin, Lichtenberger Sommer 2003, 0-1 (41)}) 8. Bxc6+ bxc6
9. bxc3 Qd5 10. Nf3 Bh3 {Artukovic,A (1968)-Lukaszewski,M (2212), Berlin, SC
Friesen Lichtenberg, Lichtenberger Sommer 2005, 0-1 (50)}) (6... Nb6 {
Zschaebitz,K-Merz,R, Berlin, Harald-Lieb-Gedenkturnier 2016 1-0 (52)}) 7. O-O
Nxc3 8. bxc3 Qd7 9. Rb1 Be6 10. Qa4 {(unvollständig)} 1-0

[Event "Werner-Ott-Open Kreuzberger Sommer 2018"]
[Site "Berlin"]
[Date "2018.07.06"]
[Round "7.8"]
[White "Jaeger, Andre"]
[Black "Kauschmann, Herbert"]
[Result "1/2-1/2"]
[WhiteElo "1922"]
[BlackElo "2162"]
[Annotator "Lange,A1&BB_R_640941"]
[PlyCount "47"]
[EventDate "2018.06.30"]
[EventType "swiss"]
[EventRounds "9"]
[EventCountry "GER"]
[SourceTitle "WOOKS_2018_R7"]
[Source "Andreas Lange"]
[SourceDate "2018.07.06"]
[SourceVersion "1"]
[SourceVersionDate "2018.07.06"]
[SourceQuality "1"]
[WhiteTeam "SC Rochade"]
[BlackTeam "BSC Rehberge 1945"]
[WhiteTeamCountry "GER"]
[BlackTeamCountry "GER"]

{A44: Alt-Benoni} 1. d4 (1. e4 c5 2. Nf3 Nc6 3. c3 Nf6 4. e5 Nd5 5. Bc4 Nb6 6.
Bb3 d5 7. d4 cxd4 8. cxd4 Bg4 9. Be3 e6 10. O-O Be7 11. Nbd2 O-O 12. h3 Bh5 13.
Bc2 Qe8 14. Qb1 Bg6 15. Bxg6 hxg6 16. Rc1 Rc8 17. a3 Na5 18. Qd3 Qd7 19. Bg5
Bxg5 20. Nxg5 Rxc1+ 21. Rxc1 Nac4 22. Rc2 Nxd2 23. Rxd2 Nc4 24. Rc2 Rc8 25. Qg3
f6 26. exf6 gxf6 27. Nf3 Kg7 28. Nh4 g5 29. Nf3 Qd6 30. Qxd6 Nxd6 31. Rxc8 Nxc8
32. Kf1 Kg6 33. Ke2 Ne7 34. g4 Nc6 35. b4 a6 36. Kd3 e5 37. Kc3 e4 38. Nd2 f5
39. a4 b5 40. a5 f4 41. Nb3 f3 42. Nc5 Kf7 43. Nb3 Ke7 44. Nd2 Nd8 45. Nf1 Ne6
46. Ne3 Nf4 47. Kd2 Nd3 48. Kc3 Kd6 49. Kb3 Nxf2 {0-1 (49) Kauschmann,H (2114)
-Jaeger,A (1961), Berlin, Lichtenberger Sommer 2003}) 1... g6 2. c4 Bg7 3. Nf3
c5 4. d5 e5 5. e4 d6 6. Nc3 h6 $146 (6... Ne7 7. Be2 (7. Bd3 O-O 8. Qc2 (8. Be3
f5 9. g3 fxe4 10. Bxe4 Bf5 11. h4 Bg4 12. Bg5 Qe8 13. Nb1 Bxf3 14. Bxf3 Qf7 {
Borrink,G (1009)-Sawlin,L (1225) Willingen, DEM 2007 U10, 0-1}) 8... h6 9. a3
a6 10. b4 Nd7 11. O-O f5 12. Bb2 b6 13. Rfe1 Nf6 {Schilke,M (1907)-Sawlin,M 
(2041), Berlin, BMM 2009/10 Stadtliga B, 2010 ½-½ (38)}) 7... O-O 8. h4 h6 9.
Nd2 f5 10. h5 g5 11. exf5 Nxf5 12. Nde4 Nd4 13. Be3 Rf7 14. Bd3 Na6 15. Ng3 Nc7
16. Bg6 Rf8 17. Bb1 Rf7 18. Bg6 Rf8 19. Bb1 {½-½ (19) Rufer,M-Beduerftig,H,
Regionalliga Nord Staffel Süd 1988/89, 1989}) 7. Bd2 Ne7 8. g3 Bd7 9. Qb3 b6
10. Nb5 O-O 11. Bg2 Bc8 12. O-O f5 13. exf5 gxf5 14. Nh4 a6 15. Nc3 Nd7 16. Qc2
Nf6 17. Bh3 Nh7 18. Rae1 Qe8 19. Qd1 Qf7 20. Kh1 Kh8 21. f4 Ng6 22. Nxg6+ Qxg6
23. fxe5 dxe5 24. Bg2 1/2-1/2

[Event "Werner-Ott-Open Kreuzberger Sommer 2018"]
[Site "Berlin"]
[Date "2018.07.06"]
[Round "7.9"]
[White "Sommaro, Katja"]
[Black "Silz, Elisa"]
[Result "1/2-1/2"]
[WhiteElo "2087"]
[BlackElo "1988"]
[Annotator "Lange,A1&BB_R_640941"]
[PlyCount "103"]
[EventDate "2018.06.30"]
[EventType "swiss"]
[EventRounds "9"]
[EventCountry "GER"]
[SourceTitle "WOOKS_2018_R7"]
[Source "Andreas Lange"]
[SourceDate "2018.07.06"]
[SourceVersion "1"]
[SourceVersionDate "2018.07.06"]
[SourceQuality "1"]
[WhiteTeam "SV Berolina Mitte"]
[BlackTeam "SV Empor Berlin"]
[WhiteTeamCountry "GER"]
[BlackTeamCountry "GER"]

{A24: Englische Eröffnung} 1. c4 g6 2. Nc3 Bg7 3. g3 Nf6 4. Bg2 O-O 5. Nf3 d6
6. O-O e5 7. d3 Re8 8. Qc2 $146 (8. h3 c6 9. e4 {Thiede,L (2445)-Margraf,D 
(2264), Bremen, 1. Bundesliga 2010/11, 2010 1-0 (50)} (9. Bg5 {Glienke,M (2319)
-Kreuzholz,M (2366), Berlin, 2. Bundesliga 2009/10, 2009 ½-½ (44)})) 8... c6
9. Re1 d5 10. cxd5 cxd5 11. Bg5 h6 12. Bxf6 Bxf6 13. e4 d4 14. Nd5 Nc6 15. b4
Be6 16. Nxf6+ Qxf6 17. b5 Nd8 18. h3 Bxh3 19. Bxh3 Qxf3 20. b6 axb6 21. Reb1
Ra3 22. Bd7 Rf8 23. Rb3 Rxb3 24. Qxb3 Qf6 25. Rb1 Qd6 26. Qd5 Qxd5 27. exd5 Kg7
28. Rxb6 f5 29. Bb5 Rf6 30. d6 e4 31. Bc4 e3 32. fxe3 dxe3 33. Rb5 Rxd6 34. Re5
Nc6 35. Rxe3 Kf6 36. Kg2 Nd4 37. a4 Rb6 38. Re8 Rb2+ 39. Kf1 Kg5 40. Rg8 Nf3
41. Bd5 Ne5 42. Rb8 Nxd3 43. Rxb7 Rxb7 44. Bxb7 f4 45. gxf4+ Kxf4 46. a5 Nc5
47. a6 Nxa6 48. Bxa6 h5 49. Kg2 g5 50. Kh3 Kf3 51. Bb7+ Kf2 52. Bc8 1/2-1/2

[Event "Werner-Ott-Open Kreuzberger Sommer 2018"]
[Site "Berlin"]
[Date "2018.07.06"]
[Round "7.10"]
[White "Gebigke, Martin"]
[Black "Krueger, Robin Kevin"]
[Result "1/2-1/2"]
[WhiteElo "2050"]
[BlackElo "1942"]
[Annotator "Lange,A1&BB_R_640941"]
[PlyCount "70"]
[EventDate "2018.06.30"]
[EventType "swiss"]
[EventRounds "9"]
[EventCountry "GER"]
[SourceTitle "WOOKS_2018_R7"]
[Source "Andreas Lange"]
[SourceDate "2018.07.06"]
[SourceVersion "1"]
[SourceVersionDate "2018.07.06"]
[SourceQuality "1"]
[WhiteTeam "SC Kreuzberg"]
[BlackTeam "MTV Tostedt"]
[WhiteTeamCountry "GER"]
[BlackTeamCountry "GER"]

{D34: Damengambit (Tarrasch-Verteidigung, Hauptvariante)} 1. d4 d5 2. c4 e6 3.
Nf3 c5 4. g3 Nc6 5. Bg2 Nf6 6. O-O Be7 7. cxd5 exd5 8. Nc3 O-O 9. b3 Re8 10.
Bb2 Bg4 11. dxc5 Bxc5 12. Na4 $146 (12. Rc1 Bb6 (12... Be7 13. Nd4 Rc8 14. h3
Bd7 15. e3 Qa5 16. Nf3 h6 17. Qe2 Ne4 18. Rfd1 Be6 19. Na4 Bb4 20. Qd3 a6 21.
Nd4 Ne5 22. Qb1 Rxc1 23. Rxc1 Bd7 24. Bxe4 dxe4 25. Qxe4 b5 26. Nc5 Nc4 27. Qb7
{Schmarr,D (1802)-Lacrosse,M (2283), Berlin, UnicornOpen 2004, 1-0 (36)}) 13.
Na4 Ne4 14. Nxb6 Qxb6 15. Nd4 Bd7 16. e3 Rad8 17. Nxc6 bxc6 18. Qd4 Qxd4 19.
Bxd4 a5 20. Rfd1 a4 21. b4 Rb8 22. a3 Nd6 23. Bb2 Rb6 24. h3 f6 25. Bd4 Rbb8
26. Bf1 Kf7 {Malich,B-Baumbach,F, Erfurt, DEM 1973 (DSV), 1-0 (56)}) (12. h3
Bf5 13. Rc1 Bf8 14. Nd4 Nxd4 15. Qxd4 Qa5 16. e3 Rad8 17. Rfd1 Bd6 18. a3 Bc5
19. Qa4 Qb6 20. Qb5 d4 21. exd4 Bxd4 22. Qxb6 Bxb6 23. b4 h6 24. Rxd8 {½-½ 
(24) Gisbrecht,E (2400)-Pieniazek,A (2415), 2. Bundesliga Nord 1997/98,
Deutschland 1998}) (12. Nb5 Ne4 13. Nfd4 Qb6 14. h3 Bxe2 15. Qxe2 Nxd4 16. Nxd4
Bxd4 17. Bxd4 Qxd4 18. Rad1 Qc5 19. Qd3 Nc3 20. Rc1 Rac8 21. Kh2 b5 22. Bxd5
Red8 23. Qf3 Rd7 24. Bc4 b4 25. a4 g6 26. Rfe1 Kg7 {Kollberg,L (2195)-Moeller,
H (2273), Berlin, Lichtenrader Herbst 2013, 0-1 (58)}) 12... Be7 13. Rc1 Rc8
14. h3 Bf5 15. Nd4 Bg6 16. e3 Nb4 17. Rxc8 Qxc8 18. Nc3 Ne4 19. Nce2 Nxa2 20.
Qa1 Nb4 21. Qxa7 Nd3 22. Ba1 Qa8 23. Qxa8 Rxa8 24. f4 f6 25. f5 Bf7 26. Bxe4
dxe4 27. Nc3 Bb4 28. Nxe4 Bd5 29. Nc3 Bxc3 30. Bxc3 Ra2 31. Nf3 Bxb3 32. e4 Ba4
33. Ra1 Rxa1+ 34. Bxa1 Bc6 35. Nd2 Nc5 1/2-1/2

[Event "Werner-Ott-Open Kreuzberger Sommer 2018"]
[Site "Berlin"]
[Date "2018.07.06"]
[Round "7.11"]
[White "Schulz, Olaf"]
[Black "Dathe, Frederick"]
[Result "0-1"]
[WhiteElo "2019"]
[BlackElo "1895"]
[Annotator "Lange,A1&BB_R_640941"]
[PlyCount "182"]
[EventDate "2018.06.30"]
[EventType "swiss"]
[EventRounds "9"]
[EventCountry "GER"]
[SourceTitle "WOOKS_2018_R7"]
[Source "Andreas Lange"]
[SourceDate "2018.07.06"]
[SourceVersion "1"]
[SourceVersionDate "2018.07.06"]
[SourceQuality "1"]
[WhiteTeam "vereinslos"]
[BlackTeam "SC Kreuzberg"]
[BlackTeamCountry "GER"]

{B38: Sizilianisch (Maroczy-Aufbau)} 1. d4 Nf6 2. Nf3 g6 3. c4 Bg7 4. Nc3 c5 5.
e4 O-O 6. Be2 d6 7. O-O cxd4 8. Nxd4 Nc6 9. Be3 Bd7 10. a3 $146 (10. Rb1 Nxd4
11. Bxd4 Bc6 12. Qd3 b6 13. f4 Rc8 14. Rbd1 Qc7 15. Rc1 e6 16. e5 dxe5 17. Bxe5
Qb7 18. Bf3 Rfd8 19. Qe2 Bxf3 20. Rxf3 Qc6 21. Rd3 Rxd3 22. Qxd3 Qxc4 23. Rd1
Qxd3 24. Rxd3 Nd5 {Wege,H (1656)-Wagner,P (1811), Berlin, Lichtenberger Sommer
2006, 1-0 (35)}) (10. Nxc6 Bxc6 11. f3 a5 12. Qe1 Nd7 13. Rd1 a4 14. c5 dxc5
15. Bxc5 Nxc5 16. Rxd8 Rfxd8 17. Bc4 e6 18. e5 Nd3 19. Bxd3 Rxd3 20. Qe2 Rad8
21. Rd1 Rxd1+ 22. Nxd1 Bxe5 {½-½ (22) Slobodjan,R (2522)-Seger,R (2407),
Berlin, 2006 VI. DBMM Schach}) (10. b3 Qa5 11. Rc1 Nxd4 12. Bxd4 Bc6 13. Bf3
Nd7 14. Rc2 Bxd4 15. Qxd4 Qe5 16. Qxe5 Nxe5 17. Be2 Nd7 18. Nd5 Bxd5 19. exd5
a5 20. Re1 Nc5 21. Bf1 Rfe8 {½-½ (21) Voelker,H (1948)-Hintze,E (1461),
Berlin, BEM 2010 Qualifikationsturnier}) (10. Nd5 Nxe4 11. Nb5 Nc5 12. Nbc3 Rc8
13. Qd2 e6 14. b4 {0-1 (14) Rudolph,S-Pfeffer,R, Berlin, Hellersdorfer
Winterturnier 2008}) 10... a5 11. f3 Nxd4 12. Bxd4 a4 13. Qd2 Qa5 14. Rfd1 Rfc8
15. Rac1 Be6 16. Nb1 Qxd2 17. Nxd2 Nd7 18. Bxg7 Kxg7 19. Rc3 Rc6 {(=)} 20. f4
Nc5 21. Rdc1 Rac8 22. g4 Rb6 23. R1c2 f6 24. Kf2 Bf7 25. Ke3 e5 26. f5 g5 27.
Kf2 h6 {(=)} 28. Re3 Be8 29. Ke1 Kf8 30. Kd1 Ra8 31. Kc1 Bc6 32. Rcc3 Kf7 33.
Bd1 Ke7 34. Bc2 Kf7 35. Kb1 Rba6 36. Ka2 Ke7 37. h4 Kf7 38. hxg5 hxg5 39. Rh3
Kg7 40. Rce3 R6a7 41. Nb1 Ra6 42. Nc3 Rd8 43. Re1 Raa8 44. Rd1 b6 45. Kb1 Rab8
46. Kc1 Ra8 47. Kd2 Rh8 48. Rdh1 Rxh3 49. Rxh3 Rh8 50. Rxh8 Kxh8 51. Nd5 Kg7
52. Nxb6 Nxe4+ 53. Bxe4 Bxe4 54. Ke3 Bc6 55. Nd5 Bxd5 56. cxd5 Kf7 57. Kd3 Ke7
58. Kc4 Kd7 59. Kb5 e4 60. Kc4 Kc7 61. Kd4 Kb6 62. Kxe4 Kc5 63. Kd3 Kxd5 64. b3
axb3 65. Kc3 Ke4 66. Kxb3 Ke3 67. Kc4 Ke4 68. Kc3 Ke3 69. Kc4 Ke4 {(=)} 70. a4
d5+ 71. Kc5 d4 72. a5 d3 73. a6 d2 74. a7 d1=Q 75. a8=Q+ Kf4 76. Qe8 Qc2+ 77.
Kd4 Kxg4 78. Qe6 Qxf5 79. Qe2+ Qf3 80. Qe1 Kh3 81. Qe7 g4 82. Qh7+ Kg2 83. Qh6
f5 84. Ke5 f4 85. Kf5 g3 86. Qd6 Qe3 87. Qd5+ f3 88. Kg4 Kh2 89. Qh5+ Kg1 90.
Kh3 f2 91. Qg5 f1=Q+ (91... f1=Q+) 0-1